000 00485nam a2200205Ia 4500
003 OSt
005 20221005120024.0
006 a|||||r|||| 00| 0
007 ta
008 221004b |||||||| |||| 00| 0 eng d
024 _a120600
037 _cTextual
040 _aCRL
_cCRL
_beng
041 _2eng
_aeng
100 _aMead Margaret
_9116882
245 0 _aCultural patterns & technical
260 _c1953
942 _cTEXL
_2cc
999 _c1036591
_d1036591